Názory Tomáša Akvinského na vznik človeka a dnešná embryológia
Analýza chápania vzniku človeka v diele T. Akvinského. Porovnanie názorov T. Akvinského so súčasnou embryológiou. Názory na porovnanie muža a ženy a dnešné biologické názory.
Salvato in:
| Autore principale: | |
|---|---|
| Natura: | Capitolo di libro |
| Lingua: | slovacco |
| Soggetti: | |
| Tags: |
Nessun Tag, puoi essere il primo ad aggiungerne!!
|
MARC
| LEADER | 00000naa$a2200000$$$4500 | ||
|---|---|---|---|
| 001 | 0056175 | ||
| 005 | 20231121093415.4 | ||
| 041 | 0 | |a slo | |
| 044 | |a SK | ||
| 245 | 1 | 0 | |a Názory Tomáša Akvinského na vznik človeka a dnešná embryológia |c Volek Peter |
| 520 | |a Analýza chápania vzniku človeka v diele T. Akvinského. Porovnanie názorov T. Akvinského so súčasnou embryológiou. Názory na porovnanie muža a ženy a dnešné biologické názory. | ||
| 610 | 2 | 0 | |a filozofia |
| 610 | 2 | 0 | |a etika |
| 610 | 2 | 0 | |a muži |
| 610 | 2 | 0 | |a Akvinský, T. |
| 610 | 2 | 0 | |a ženy |
| 610 | 2 | 0 | |a biológia |
| 100 | 1 | |a Volek, Peter | |